Sports Quiz

Random Sports or NFL Quiz

First Year of the NFL Quiz Stats

 Plays Quiz not verified by Sporcle

Support Sporcle.
Go Orange.
Score 0/15 Timer 05:00
0 Plays Today
Hint Answer % Correct
????
100%
????
40%
????
26.7%
????
26.7%
????
20%
????
20%
????
20%
????
20%
Hint Answer % Correct
????
20%
????
20%
????
20%
????
20%
????
20%
????
20%
????
20%

You're not logged in!

Compare scores with friends on all Sporcle quizzes.
OR
Log In

From the Vault

Penguin, Pigeon, or Parrot?

by janbednarczuk

If Monty Python is involved, let's hope it's NOT a parrot.
Remove Ads.
Support Sporcle.
Get the best of Sporcle when you Go Orange. This ad-free experience offers more features, more stats, and more fun while also helping to support Sporcle. Thank you for becoming a member.

Show Comments

Extras

Created Mar 8, 2020ReportNominate
Tags:NFL Quiz

Top Quizzes Today


Score Distribution

Your Account Isn't Verified!

In order to create a playlist on Sporcle, you need to verify the email address you used during registration. Go to your Sporcle Settings to finish the process.

Report this User

Report this user for behavior that violates our Community Guidelines.

Details: